00909nam a2200265 i 450000100060000000300080000600500170001400800390003102000170007003500190008704000320010604100080013808200210014610000440016724500510021125000120026226000440027430000210031850400320033960000500037165500400042194200120046199900170047395201530049016983BD-RjUL20211209000055.0140216s1979 nyu b 000 1 eng a0385128932 : a(BD-RjUL)17040 aDLCcDLCdDLCdBD-RjULbeng aeng00a813.54bBEP 19791 aBenchley, Nathaniel,d1915-1981.95240710aPortrait of a scoundrel /cNathaniel Benchley. a1st ed. aGarden City, N.Y. :bDoubleday,cc1979. a300 p. ;c22 cm. aBibliography: p. [299]-300.10aGreenleaf, James,d1765-1843xFiction.952413 7aBiographical fiction.2gsafd952414 2ddccBK c16983d16983 00102ddc40718FICaRUCLbRUCLcReadingd1983-02-24eAmerican cultural centre, Dhakal0o813.54 BEP 1979r2014-02-16 00:00:00tC-1w2021-12-09yBK